000 00348cam a22001097a 4500
008 180718b-- xxu||||| |||| 00| 0 eng d
082 _aG1 In2
245 _aPensionery benefits to members of Parliament
_cby Lok Sabha Secretariat
260 _aNew Delhi
_bLok Sabha Secretariat
_c--
500 _aLibrary has 1985
700 _aIndia. Lok Sabha Secretariat
999 _c486792
_d486792